000 00308nam a22001337a 4500
008 171012b xxu||||| |||| 00| 0 eng d
020 _a9780471384533
041 _aeng
080 _a316
100 _a50
101 _aSOC
245 _aA PRIMER ON ORGANIZATIONAL BEHAVIOR
_cBOWDITCH, J.L
942 _2udc
_cBK
999 _c33236
_d33236